Technology and knowledge transfer as third mission activities at the Slovak universities

Vybrané výsledky prieskumu ministerstva školstva, vedy, výskumu a športu SR v rámci projektu "Posilnenie vplyvu vysokoškolského vzdelávania v regiónoch". Prieskumu sa zúčastnili 2/3 slovenských univerzít. Poukázanie tiež na špecifické problémy spolupráce medzi univerzitami a regiónmi.

Salvato in:
Dettagli Bibliografici
Autore principale: Moravčíková, Danka
Altri autori: Rehák, Štefan, 1974-, Hanová, Martina, Vozár, Libor
Natura: Capitolo di libro
Lingua:inglese
Soggetti:
Tags: Aggiungi Tag
Nessun Tag, puoi essere il primo ad aggiungerne!!

MARC

LEADER 00000nla a2200000 4500
001 0240059
005 20240502083643.8
041 0 |a eng 
044 |a CZ 
245 1 0 |a Technology and knowledge transfer as third mission activities at the Slovak universities  |c Danka Moravčíková, Štefan Rehák, Martina Hanová, Libor Vozár 
520 |a Vybrané výsledky prieskumu ministerstva školstva, vedy, výskumu a športu SR v rámci projektu "Posilnenie vplyvu vysokoškolského vzdelávania v regiónoch". Prieskumu sa zúčastnili 2/3 slovenských univerzít. Poukázanie tiež na špecifické problémy spolupráce medzi univerzitami a regiónmi. 
610 2 0 |a univerzity 
610 2 0 |a vzdelávanie vysokoškolské 
610 2 0 |a regióny 
610 2 0 |a vedomosti 
610 2 0 |a technológie nové 
610 2 0 |a prieskum 
100 1 |a Moravčíková, Danka 
700 1 |a Rehák, Štefan, 1974- 
700 1 |a Hanová, Martina 
700 1 |a Vozár, Libor